000 00720nam a2200253Ia 4500
003 OSt
005 20220925222320.0
006 a|||||r|||| 00| 0
007 ta
008 220923b |||||||| |||| 00| 0 eng d
037 _cGeneral Book
040 _aRTL
_cRTL
_beng
041 _2eng
_aeng
082 _aW,8, L2
100 _aFriedrich Carl J
_9111977
245 0 _aTradition and authority
260 _aLondon
_bPall Mall
_c1972
300 _a144p
_ccm.
490 _aKey Concepts in Political Science Ed by Leonard Schapiro and Peter Calvert
500 _aBibliography: p 138-142
650 _aBureaucracy
942 _hW,8, L2
_cGB
_2CC
999 _c576692
_d576692